ASHRAE standard /

Guardado en:
Autor Corporativo: American Society of Heating, Refrigerating and Air-Conditioning Engineers.
Formato: Libro
Idioma:English
Publicado: Atlanta, GA : ASHRAE, 1974-
Materias:
Etiquetas: Agregar Etiqueta
Sin Etiquetas, Sea el primero en etiquetar este registro!
LEADER 00811nam a22001935a 4500
001 EIQ.libpla001943
008 070307s1984####xxua##########001#0#eng#d
005 20080603181121.0
245 1 0 |a ASHRAE standard /  |c American Society of Heating, Refrigerating and Air-Conditioning Engineers. 
260 |a Atlanta, GA :  |b ASHRAE,  |c 1974- 
300 |a 2v. (de hojas sueltas) ;  |c 28 cm. 
650 4 |a Transferencia de calor  |x Standares. 
650 4 |a Refrigeración  |x Standares. 
650 4 |a Heat transfer  |x Standards. 
650 4 |a Refrigeration  |x Standards. 
040 |a AR-BbSID  |b spa  |c AR-BbSID 
110 2 |a American Society of Heating, Refrigerating and Air-Conditioning Engineers. 
859 |a AR-BbSID  |b BIB. PLAPIQUI  |h 697.93  |i Am 35  |k R  |p 3202  |v Vol. 1  |3 Vol. 1 
859 |a AR-BbSID  |b BIB. PLAPIQUI  |h 697.93  |i Am 35  |k R  |p 3203  |v Vol. 2  |3 Vol. 2